000 00525nam a2200193Ia 4500
005 20250620143656.0
008 008 250516s9999 xx 000 0 eng d
020 _a9781119704379
040 _beng
_cSDCL
041 _aeng
_2eng
084 _aL R2
100 _aSidossis, Labros S.
_9809578
245 0 _aTextbook of lifestyle medicine
260 _aHoboken :
_bWiley-Blackwell,
_c2022.
300 _axii, 270p.
650 _aMedical science
_9813540
700 _aKales, Stefanos N.
_9809579
942 _cTEXL
_2CC
999 _c1429550
_d1429550